Στοιχεία εγκληματολογίας
Αποθηκεύτηκε σε:
| Κύριος συγγραφέας: | |
|---|---|
| Μορφή: | Βιβλίο |
| Γλώσσα: | Greek |
| Δημοσίευση: |
Αθήνα :
Νομική Βιβλιοθήκη,
2005.
|
| Θέματα: | |
| Ετικέτες: |
Προσθήκη ετικέτας
Δεν υπάρχουν, Καταχωρήστε ετικέτα πρώτοι!
|
MARC
| LEADER | 00000cam a2200000 a 4500 | ||
|---|---|---|---|
| 001 | 1/124893 | ||
| 008 | 220517s2005####gr | ||| |||| ||gre|| | ||
| 020 | |a 9789602723135 | ||
| 040 | |a GR-MyUa |b gre |c GR-MyUa |e AACR2 | ||
| 041 | 0 | |a gre | |
| 082 | 7 | |a 364 |2 (23) | |
| 100 | 1 | |a Φαρσεδάκης, Ιάκωβος. | |
| 245 | 1 | 0 | |a Στοιχεία εγκληματολογίας / |c Ιακ. Ι. Φαρσεδάκη. |
| 260 | |a Αθήνα : |b Νομική Βιβλιοθήκη, |c 2005. | ||
| 300 | |a 203 σ. ; |c 21 εκ. | ||
| 504 | |a Περιλαμβάνει βιβλιογραφικές παραπομπές και ευρετήριο. | ||
| 650 | 0 | |a Criminology | |
| 852 | |a INST |b LESVOS |c EUDOXUS |e 20220517 |h 364 ΦΑΡ |p 005100063497 |q 005100063497 |t EDX |y 0 | ||
| 920 | |a Εύδοξος |b Παραγγελία |y Λέσβος-ΤΚ |z 2022-05 | ||
| 970 | |a Καμάτσου |b Δέσποινα |z 17-05-2022 | ||